| 000 | 00494pam a2200157a 44500 | ||
|---|---|---|---|
| 008 | 230515b2001 xxu||||| |||| 00| 0 eng d | ||
| 020 | _a81-7156-925-0 | ||
| 041 | _aENGL | ||
| 082 | _a306.7 JAY . | ||
| 100 | _a"JAYAPALAN N .," | ||
| 245 | _aINDIAN SOCIETY AND SOCIAL INSTITUTIONS VOL-1 | ||
| 250 | _a0 | ||
| 260 |
_aNEW DELHI _bATLANTIC PUBLISHERS AND DISTRIBUTORS _c2001 |
||
| 300 | _aVIII+590 | ||
| 650 | _a"SOCIOLOGY,CULTURE,SOCIETY,HINDU,CASTE SYSTEM,UNTOUCHABILIY,TRIBAL SOCIAL SYSTEM" | ||
| 999 |
_c532426 _d532426 |
||